Science and technology (Record no. 12177)
[ view plain ]
| 000 -LEADER | |
|---|---|
| fixed length control field | 00621nam a22002057a 4500 |
| 003 - CONTROL NUMBER IDENTIFIER | |
| control field | JAelocker |
| 005 - DATE AND TIME OF LATEST TRANSACTION | |
| control field | 20140310182343.0 |
| 008 - FIXED-LENGTH DATA ELEMENTS--GENERAL INFORMATION | |
| fixed length control field | 130316t xxu||||| |||| 00| 0 eng d |
| 020 ## - INTERNATIONAL STANDARD BOOK NUMBER | |
| International Standard Book Number | 9780862729578 |
| 050 ## - LIBRARY OF CONGRESS CALL NUMBER | |
| Classification number | Q158.5 |
| Item number | .W55 1993 |
| 082 ## - DEWEY DECIMAL CLASSIFICATION NUMBER | |
| Classification number | Q158.5 |
| Item number | .W55 1993 |
| 100 ## - MAIN ENTRY--PERSONAL NAME | |
| Personal name | Williams, Brian |
| 9 (RLIN) | 20971 |
| 245 ## - TITLE STATEMENT | |
| Title | Science and technology |
| Remainder of title | a visual factfinder |
| Statement of responsibility, etc | Brian Williams |
| 260 ## - PUBLICATION, DISTRIBUTION, ETC. (IMPRINT) | |
| Place of publication, distribution, etc | London |
| Name of publisher, distributor, etc | Kingfisher Books |
| Date of publication, distribution, etc | 1993 |
| 300 ## - PHYSICAL DESCRIPTION | |
| Extent | 93 p. |
| Other physical details | ill. (some col.), col. maps |
| Dimensions | 29 cm. |
| 650 ## - SUBJECT ADDED ENTRY--TOPICAL TERM | |
| Topical term or geographic name as entry element | Discovering science |
| 9 (RLIN) | 21861 |
| 650 ## - SUBJECT ADDED ENTRY--TOPICAL TERM | |
| Topical term or geographic name as entry element | Branches of Science |
| 9 (RLIN) | 21862 |
| 942 ## - ADDED ENTRY ELEMENTS (KOHA) | |
| Source of classification or shelving scheme | Library of Congress Classification |
| Koha item type | |
| Call number prefix | |
| Withdrawn status | Lost status | Source of classification or shelving scheme | Damaged status | Home library | Current library | Shelving location | Date acquired | Total Checkouts | Full call number | Barcode | Date last seen | Copy number | Price effective from | Koha item type |
|---|---|---|---|---|---|---|---|---|---|---|---|---|---|---|
| Library of Congress Classification | Luxembourg Library | Luxembourg Library | Grade School Section | 09/27/2013 | Q 158.5 .W55 1993 | 0982 | 07/23/2014 | 1 | 09/27/2013 | Books |